000 00236nam a22001217a 4500
040 _cHS
082 _a195
100 _aNA
245 _aEmission estimation technique manual
260 _aNA
_bNA
_c1999
300 _a11p;
942 _cEK
999 _c10270
_d10270